Estudios sobre la época céltica en Galicia / (Record no. 164793)

MARC details
000 -LEADER
campo de control de longitud fija 00735nam a2200205 i 4500
001 - NÚMERO DE CONTROL
campo de control 164793
003 - IDENTIFICADOR DE NÚMERO DE CONTROL
campo de control ES-MaACL
005 - FECHA Y HORA DE LA ÚLTIMA TRANSACCIÓN
campo de control 20230906213016.0
008 - DATOS DE LONGITUD FIJA--INFORMACIÓN GENERAL
campo de control de longitud fija 950206s1894 sp a |||| | spa d
040 ## - FUENTE DE CATALOGACIÓN
Centro catalogador/agencia de origen GA
Lengua de catalogación spa
Centro/agencia transcriptor CCPB | PA2
100 1# - ENTRADA PRINCIPAL--NOMBRE DE PERSONA
Nombre de persona Saralegui y Medina, Leandro de.
9 (RLIN) 132473
245 10 - MENCIÓN DEL TÍTULO
Título Estudios sobre la época céltica en Galicia /
Mención de responsabilidad, etc. por Leandro de Saralegui y Medina.
250 ## - MENCION DE EDICION
Mención de edición 3" ed.
260 ## - PUBLICACIÓN, DISTRIBUCIÓN, ETC.
Lugar de publicación, distribución, etc. Ferrol :
Nombre del editor, distribuidor, etc. [s.n.],
Fecha de publicación, distribución, etc. 1894 (
Fabricante Imprenta y Libreria de R. Pita)
300 ## - DESCRIPCIÓN FÍSICA
Extensión XXII, 288 p. :
Otras características físicas il. ;
Dimensiones 24 cm.
650 04 - PUNTO DE ACCESO ADICIONAL DE MATERIA--TÉRMINO DE MATERIA
Término de materia o nombre geográfico como elemento de entrada Celtas-
Subdivisión geográfica Galicia.
9 (RLIN) 10870
651 #4 - PUNTO DE ACCESO ADICIONAL DE MATERIA--NOMBRE GEOGRÁFICO
Nombre geográfico Galicia-
Subdivisión general Historia-
Subdivisión cronológica Hasta S.V.
9 (RLIN) 8732
651 #4 - PUNTO DE ACCESO ADICIONAL DE MATERIA--NOMBRE GEOGRÁFICO
Nombre geográfico Galicia-
Subdivisión general Restos arqueológicos.
9 (RLIN) 8737
852 ## - LOCALIZACIÓN
Ubicación ES-MaACL
Número de control de estantería G-8493
Encuadernación Olim: G-6952
Nota libre -- Enc. hol.
Holdings
Estatus retirado Estado de pérdida Estado de daño No para préstamo Colección Biblioteca de origen Biblioteca actual Ubicación en estantería Fecha de adquisición Total de préstamos Signatura topográfica completa Código de barras Visto por última vez Precio de reemplazo Tipo de ítem Koha
        Libros del s. XIX Biblioteca del Ateneo de Madrid Biblioteca del Ateneo de Madrid Sala Pecera Planta 3 17/01/2008   G-8493 1172751 23/02/2023 23/02/2023 Libro impreso antiguo